000 00394nam a2200145Ia 4500
008 100122s9999 xx 000 0 und d
082 _b70981
_a823.08
100 _aदेसाई माधवी
245 _aदेवराई
260 _bदिलीप प्रकाशन
_c2006
300 _a167
630 _aदेवराई
730 _aदेवराई
942 _cBOOK
999 _c441667
_d441664